| 000 | 00636nam a2200241Ia 4500 | ||
|---|---|---|---|
| 003 | OSt | ||
| 005 | 20220918225741.0 | ||
| 006 | a|||||r|||| 00| 0 | ||
| 007 | ta | ||
| 008 | 220917b |||||||| |||| 00| 0 eng d | ||
| 024 | _a244,973 | ||
| 037 | _cTextual | ||
| 040 |
_aARTS _cARTS _beng |
||
| 041 |
_2eng _aeng |
||
| 082 | _aR3xM61,6, K9 | ||
| 100 | _aWhitehead Alfred North | ||
| 245 | 0 | _aAdventures of Ideas | |
| 260 |
_aNew York _bThe Macmillan Company U.S.A _c1969 |
||
| 300 |
_a392p. _ccm. |
||
| 650 | _aPHILOSOPHY | ||
| 942 |
_hR3xM61,6, K9 _cTEXL _2CC |
||
| 999 |
_c285888 _d285888 |
||